000 00917nas a2200277 4500
001 BR8003143
003 BR-BrBNA
005 20231205084322.0
007 ta
008 230509b bl.|||p| |||| 00| 00por d
040 _aBR-BrBNA
_bpor
_cBiblioteca Nacional de Agricultura
041 _a(Pt)
072 _aN10
100 1 _aFoletto, D.
111 1 _a16. Congresso Estadual de Economia Orizicola
_cSanta Maria, RS (Brazil)
_dJun 1979
245 1 _aSubstituicao de motores de explosao por eletricos na lavoura orizicola [Arroz; Rio Grande do Sul; Brasil]
650 _aEquipamento rural
650 _aArroz
650 _aEletrificacao rural
650 _aMotor a explosao
650 _aMotor eletrico
650 _aRio Grande do Sul
773 0 _tLavoura Arrozeira (Brazil)
_xISSN 0023-9143
_g(Jan 1980), v. 33(318) p. 22-23
_wBR8003143
909 _a202311
_bLúcia
_c55
_dLúcia Elande
942 _2AGRIS
_n0
_cANA
999 _c104467
_d104467